Etické problémy na pracovisku bakalárska práca

Uložené v:
Podrobná bibliografia
Hlavný autor: Puhovichová, Diana, 1994-
Korporativný autor: Fakulta podnikového manažmentu EU. Katedra manažmentu
Ďalší autori: Joniaková, Zuzana, 1970-
Médium: Kniha
Jazyk:Slovak
Vydavateľské údaje: Bratislava 2017
Tagy: Pridať tag
Žiadne tagy, Buďte prvý, kto otaguje tento záznam!

MARC

LEADER 00000nbm a2200000 4500
001 0232469
005 20171215125612.6
041 0 |a slo 
044 |a SK 
245 1 0 |a Etické problémy na pracovisku  |b bakalárska práca  |c Diana Puhovichová ; školiteľ: Zuzana Joniaková 
264 1 |a Bratislava  |c 2017 
300 |a 70 s. 
100 1 |a Puhovichová, Diana, 1994- 
700 1 |a Joniaková, Zuzana, 1970- 
710 2 |a Fakulta podnikového manažmentu EU. Katedra manažmentu